000 00495nam a2200157Ia 4500
008 090123s9999 xx 000 0 und d
082 _b17763
245 _aआपले राष्ट्रपती
250 _a0
260 _bजगताप कारले प्रकाशन
_c1973
300 _a84
630 _aआपले राष्ट्रपती
700 _aप्रभु सुधाकर
730 _aआपले राष्ट्रपती
942 _cBOOK
999 _c55822
_d55822